000 00571cam a22002292a 4500
001 004190
003 AR-FADEU
005 20181108093731.0
008 311216n1975####xxu####################dd
040 _cBiblioteca Ernesto Sábato
092 _a338.88
_bV695
_eJRR
100 _aVilas, Carlos María
245 _aLas empresas multinacionales
260 _aBuenos Aires
260 _bCrisis
260 _c1975
300 _a80 p
440 _aCuadernos de crisis
_n23
650 _aEMPRESA MULTINACIONALES
700 _aOscar, Silva
942 _cJRR
_2ddc
999 _c33130
_d33130